00142 a2200061 4500000002500000100002300025245003200048 nam a22 7a 4500 aArothr A MacDonald aSanskrit Vyakaran Parvesika